| 000 | 00398 a2200133 4500 | ||
|---|---|---|---|
| 001 | 91424 | ||
| 082 | _aPR 1322 | ||
| 090 |
_c43556 _d43555 |
||
| 100 | _aSaim-ul-Haque; Prof Shahzad Arshad and Sohail Ahmed (Advisors) | ||
| 245 |
_aVector Network Analyzer Based Frequency Modulated Continuous Radar _n72 "B" EC |
||
| 260 |
_aRawalpindi _bNUST _c2012 |
||
| 300 | _a64p | ||
| 500 | _aBE Project Reports | ||
| 942 |
_aCAE NUST _kPR 1322 |
||
| 999 |
_c326497 _d326497 |
||